000 01177cam a2200157 4500500
005 20260405003218.0
041 _afre
042 _adc
100 1 0 _aAlante-Lima, Willy
_eauthor
245 0 0 _aEnfin l'épuration attendue
260 _c1997.
500 _a50
520 _aLe livre de Mary Lefkcowitz, Not Out of Africa, a récemment attiré l’attention du public américain et international sur le débat de l’afrocentrisme. Bien que la position de Lefkcowitz se démarque nettement de celle de Cheikh Anta Diop qui posait comme hypothèse que toutes les cultures présentent une continuité que l’on peut faire remonter à leur origine africaine, une lecture attentive de Not Out of Africa montre clairement que son auteur admet, en dépit de sa critique de l’afrocentrisme, certaines de ses thèses.Après avoir défini l’afrocentrisme, l’article examine les différences d’approche de Diop et de Lefkcowitz et met en lumière des divergences méthodologiques.
786 0 _nPrésence Africaine | 156 | 2 | 1997-06-01 | p. 221-225 | 0032-7638
856 4 1 _uhttps://shs.cairn.info/revue-presence-africaine-1997-2-page-221?lang=fr&redirect-ssocas=7080
999 _c2065417
_d2065417